000 01328nam a2200325 i 4500
001 bg
003 KOSZ 005
005 20200630132821.0
008 080317s1962 pl a f 001 0 pol
015 _aPB 1962/1416
040 _aWA N
_cWA N
_dKOSZ 005/RW
_dKOSZ 005/HR
046 _k1962
080 _a517.95
100 1 _aKrzyżański, Mirosław
_d(1907-1965).
_eAutor
245 1 0 _aRównania różniczkowe cząstkowe rzędu drugiego.
_nCz. 2 /
_cMirosław Krzyżański ; [dod. 1: Funkcje Bessela / oprac. Michał Życzkowski, dod. 2: Funkcje sferyczne (kuliste) / oprac. Józef Golecki].
260 _aWarszawa :
_bPaństwowe Wydawnictwo Naukowe,
_c1962.
300 _a445, [3] s. :
_bil. ;
_c25 cm +
_eerr. : 2 k.
380 _aKsiążki.
388 _a1901-2000
490 1 _aBiblioteka Matematyczna ;
_vt. 21.
504 _aBibliogr. s. [430]-433. Indeks.
658 _aMatematyka
650 4 _aRównania różniczkowe
700 1 2 _aŻyczkowski, Michał
_d(1930-2006).
_tFunkcje Bessela.
700 1 2 _aGolecki, Józef.
_tFunkcje sferyczne (kuliste)
710 2 _aPaństwowe Wydawnictwo Naukowe
_4pbl.
830 0 _aBiblioteka Matematyczna,
_vt. 21.
856 _uhttp://koha.tu.koszalin.pl/cgi-bin/koha/opac-detail.pl?biblionumber=10900
_yKatalog online BPK
942 _2UKD
_cKS
999 _c10900
_d10900